Anak gajah yang nakal

Bibliographic Details
Corporate Author: Title
Format: Book
Published: Selangor : Kiddibird
Series:Siri cerita rimba
Subjects:

MARC

LEADER 00000cam a2200000 7i4500
001 0000003434
005 20220105103946.0
008 070718
020 |a 9830848736 
090 0 0 |a JP   |b ANM MAL (3761) 
245 0 0 |a Anak gajah yang nakal 
260 |a Selangor :   |b Kiddibird 
440 0 |a Siri cerita rimba 
500 |a Children age 4-6 years old (yellow) 
650 0 |a Animal 
650 0 |a Junior preschool   |x Malay   |x Languages 
710 0 |a Title 
999 |a 0000970000   |b Book   |c Children Collection   |e Cawangan Bandar Tenggara 
999 |a 0000970001   |b Book   |c Children Collection   |e Perbadanan Perpustakaan Awam Johor 
999 |a 0000970003   |b Book   |c Children Collection   |e Cawangan Tmn. Ungku Tun Aminah 
999 |a 0000970004   |b Book   |c Children Collection   |e Perbadanan Perpustakaan Awam Johor